Normal view
MARC view
- MS Thesis in GIS & RS
Entry Topical Term
001 - CONTROL NUMBER
- control field: 29252
003 - CONTROL NUMBER IDENTIFIER
- control field: NUST
005 - DATE AND TIME OF LATEST TRANSACTION
- control field: 20200804160108.0
008 - FIXED-LENGTH DATA ELEMENTS
- fixed length control field: 200804|| aca||aabn | a|a d
040 ## - CATALOGING SOURCE
- Original cataloging agency: NUST
- Transcribing agency: NUST
150 ## - HEADING--TOPICAL TERM
- Topical term or geographic name entry element: MS Thesis in GIS & RS
670 ## - SOURCE DATA FOUND
- Source citation: Work cat.: (NUST)534860: Fatimah Mirza, Johum 29249, Design and Development of Digital Cadastral Database in the Context of Pakistan /, 2013.
